| 000 | 00314nam a2200121Ia 4500 | ||
|---|---|---|---|
| 008 | 230907s9999||||xx |||||||||||||| ||und|| | ||
| 082 | _a621.38152,KIS | ||
| 100 |
_aKisch, Horst. _9115213 |
||
| 245 | 0 | _aSemiconductor photocatalysis: | |
| 260 |
_aWiley-VCH _bNew York _c2015 |
||
| 300 | _axiii, 249p.: | ||
| 942 | _cBK | ||
| 999 |
_c597864 _d597864 |
||